MARC details
| 000 -LEADER |
| fixed length control field |
01798cam a2200397 a 4500 |
| 001 - CONTROL NUMBER |
| control field |
2692 |
| 003 - CONTROL NUMBER IDENTIFIER |
| control field |
FISKH |
| 005 - DATE AND TIME OF LATEST TRANSACTION |
| control field |
20240110094524.0 |
| 008 - FIXED-LENGTH DATA ELEMENTS--GENERAL INFORMATION |
| fixed length control field |
920921s1993 nyuaf j b 001 0 eng |
| 010 ## - LIBRARY OF CONGRESS CONTROL NUMBER |
| LC control number |
92036622 |
| 020 ## - INTERNATIONAL STANDARD BOOK NUMBER |
| International Standard Book Number |
0590451219 : |
| 020 ## - INTERNATIONAL STANDARD BOOK NUMBER |
| International Standard Book Number |
078073004508 |
| 040 ## - CATALOGING SOURCE |
| Original cataloging agency |
DLC |
| Transcribing agency |
DLC |
| Modifying agency |
DLC |
| Language of cataloging |
eng |
| 042 ## - AUTHENTICATION CODE |
| Authentication code |
lcac |
| 043 ## - GEOGRAPHIC AREA CODE |
| Geographic area code |
n-usp-- |
| 050 00 - LIBRARY OF CONGRESS CALL NUMBER |
| Classification number |
E185.925 |
| Item number |
.C65 1993 |
| 082 00 - DEWEY DECIMAL CLASSIFICATION NUMBER |
| Classification number |
978/.0496073 |
| Edition number |
20 |
| 100 1# - MAIN ENTRY--PERSONAL NAME |
| Personal name |
Cox, Clinton. |
| 245 14 - TITLE STATEMENT |
| Title |
The forgotten heroes : |
| Remainder of title |
the story of the Buffalo Soldiers / |
| Statement of responsibility, etc. |
Clinton Cox. |
| 260 ## - PUBLICATION, DISTRIBUTION, ETC. |
| Place of publication, distribution, etc. |
New York : |
| Name of publisher, distributor, etc. |
Scholastic, |
| Date of publication, distribution, etc. |
1993. |
| 300 ## - PHYSICAL DESCRIPTION |
| Extent |
174 pages : |
| Other physical details |
illustrations ; |
| Dimensions |
20 cm |
| 504 ## - BIBLIOGRAPHY, ETC. NOTE |
| Bibliography, etc. note |
Includes bibliographical references (p. [167]-174) and index. |
| 520 ## - SUMMARY, ETC. |
| Summary, etc. |
Recounts the history of the 9th and 10th Cavalry regiments, comprised of African American soldiers recruited to open the West to settlers and whose deeds included escorting wagon trains, carrying mail, and fighting battles against Native Americans. |
| 610 10 - SUBJECT ADDED ENTRY--CORPORATE NAME |
| Corporate name or jurisdiction name as entry element |
United States. |
| Subordinate unit |
Army |
| General subdivision |
African American troops |
| -- |
History |
| Chronological subdivision |
19th century |
| Form subdivision |
Juvenile literature. |
| 610 11 - SUBJECT ADDED ENTRY--CORPORATE NAME |
| Corporate name or jurisdiction name as entry element |
United States. |
| Subordinate unit |
Army. |
| -- |
Cavalry, 9th. |
| 610 11 - SUBJECT ADDED ENTRY--CORPORATE NAME |
| Corporate name or jurisdiction name as entry element |
United States. |
| Subordinate unit |
Army. |
| -- |
Cavalry, 10th. |
| 650 #0 - SUBJECT ADDED ENTRY--TOPICAL TERM |
| Topical term or geographic name entry element |
African Americans |
| Geographic subdivision |
West (U.S.) |
| General subdivision |
History |
| Chronological subdivision |
19th century |
| Form subdivision |
Juvenile literature. |
| 650 #0 - SUBJECT ADDED ENTRY--TOPICAL TERM |
| Topical term or geographic name entry element |
African American soldiers |
| Geographic subdivision |
West (U.S.) |
| General subdivision |
History |
| Chronological subdivision |
19th century |
| Form subdivision |
Juvenile literature. |
| 650 #0 - SUBJECT ADDED ENTRY--TOPICAL TERM |
| Topical term or geographic name entry element |
Frontier and pioneer life |
| Geographic subdivision |
West (U.S.) |
| Form subdivision |
Juvenile literature. |
| 650 #0 - SUBJECT ADDED ENTRY--TOPICAL TERM |
| Topical term or geographic name entry element |
Indians of North America |
| General subdivision |
Wars |
| Chronological subdivision |
1866-1895 |
| Form subdivision |
Juvenile literature. |
| 650 #1 - SUBJECT ADDED ENTRY--TOPICAL TERM |
| Topical term or geographic name entry element |
African Americans |
| General subdivision |
History |
| Chronological subdivision |
19th century. |
| 650 #1 - SUBJECT ADDED ENTRY--TOPICAL TERM |
| Topical term or geographic name entry element |
African American soldiers |
| General subdivision |
History |
| Chronological subdivision |
19th century. |
| 651 #0 - SUBJECT ADDED ENTRY--GEOGRAPHIC NAME |
| Geographic name |
West (U.S.) |
| General subdivision |
History |
| Form subdivision |
Juvenile literature. |
| 906 ## - LOCAL DATA ELEMENT F, LDF (RLIN) |
| a |
7 |
| b |
cbc |
| c |
orignew |
| d |
1 |
| e |
ocip |
| f |
19 |
| g |
y-gencatlg |
| 942 ## - ADDED ENTRY ELEMENTS (KOHA) |
| Source of classification or shelving scheme |
Dewey Decimal Classification |
| Koha item type |
Books |
| Suppress in OPAC |
No |